Object Oriented Programming using C++ (Record no. 54973)

MARC details
000 -LEADER
fixed length control field 00409nam a2200169Ia 4500
008 - FIXED-LENGTH DATA ELEMENTS--GENERAL INFORMATION
fixed length control field 230524s9999 xx 000 0 und d
082 ## - DEWEY DECIMAL CLASSIFICATION NUMBER
Item number BAL
100 ## - MAIN ENTRY--AUTHOR NAME
Personal name G.K.Balija
245 #0 - TITLE STATEMENT
Title Object Oriented Programming using C++
250 ## - EDITION STATEMENT
Edition statement 1
260 ## - PUBLICATION, DISTRIBUTION, ETC. (IMPRINT)
Place of publication New Delhi
Name of publisher Dhanpat Rai
Year of publication 2013
300 ## - PHYSICAL DESCRIPTION
Number of Pages 777p;
500 ## - GENERAL NOTE
General note Quantity Number: 3
650 ## - SUBJECT ADDED ENTRY--TOPICAL TERM
Topical Term Computer Science
700 ## - ADDED ENTRY--PERSONAL NAME
Personal name G.S.Baluja
942 ## - ADDED ENTRY ELEMENTS (KOHA)
Koha item type Books
Holdings
Lost status Damaged status Permanent Location Current Location Shelving location Date acquired Full call number Accession Number Koha item type
    Central Library, Trident Academy of Technology Central Library, Trident Academy of Technology General Stacks 05/24/2023 BAL 52298 Books
    Central Library, Trident Academy of Technology Central Library, Trident Academy of Technology General Stacks 05/24/2023 BAL 52299 Books
    Central Library, Trident Academy of Technology Central Library, Trident Academy of Technology General Stacks 05/24/2023 BAL 52300 Books
Trident Academy of Technology © 2023.
All rights reserved.                                                                                                                                                                                                        Designed by Team of Central Library .

Powered by Koha